00847nam a2200265 a 4500001000900000005001700009008003900026020002200065020002200087040001800109041001100127050002300138100001800161245010700179260004500286300004000331500003500371500003500406504003200441650003000473650001800503700001900521700002200540700001900562BRCA_35020190320202954.0780606t19781966ja a b 001 0 eng a0870113356 (v. 1) a0870113364 (v. 2) aDLCcDLCdDLC aengjpn 4aN7353.4b.N66 19781 aNoma, Seiroku10aThe arts of JapancSeiroku Noma ; translated and adapted by John Rosenfield ; photos by Takahashi Bin. aNueva YorkbKodansha Internationalc1978 a2 v.bil. (algunas a color)c27 cm. aTraducción de: Nihon Bijutsu aDonación Fundación Japón aBibliografía: p. 309-311.14aArte japonésySiglo XVI14aArtezJapón1 aTakahashi, Bin1 aRosenfield, Jhon.1 aWebb, Glenn T.